| 000 | 01062nam a2200253Ia 4500 | ||
|---|---|---|---|
| 999 |
_c5225 _d5225 |
||
| 003 | OSt | ||
| 005 | 20200511113352.0 | ||
| 008 | 191128s2011 ck gr 000 0dspa d | ||
| 020 | _a9789589974681 | ||
| 040 |
_aCO-JMCR _cCO-JMCR |
||
| 041 | 0 | _aspa | |
| 082 | 0 | 4 |
_a328.1861 / _bG371m _223 |
| 100 | 1 |
_aGiraldo Henao, Iván, _eautor _93703 |
|
| 245 | 1 | 0 |
_aManual del diputado / _cIván Giraldo Henao, Leonel Quintero González y Luis Alberto Mora Rodríguez |
| 250 | _aPrimera edición | ||
| 260 |
_aPereira : _bUniversidad Libre de Colombia, _c2011 |
||
| 300 |
_a102 páginas ; _c24 cm. |
||
| 500 | _aIncluye datos biográficos de los autores en la solapa. | ||
| 505 | 0 | _aEl Estado colombiano -- Los servidores públicos departamentales -- Organismos de control y vigilancia en el departamento -- La asamblea departamental -- Las ordenanzas -- Los diputados | |
| 650 | 1 | 4 |
_aCuerpos legislativos _xmanuales _zColombia _94162 |
| 700 | 1 |
_aQuintero González, Leonel, _eautor _94163 |
|
| 700 | 1 |
_aMora Rodríguez, Luis Alberto, _eautor _94164 |
|
| 942 |
_2ddc _cBK |
||